| 000 | 00510nam a2200205Ia 4500 | ||
|---|---|---|---|
| 003 | OSt | ||
| 005 | 20220928150144.0 | ||
| 006 | a|||||r|||| 00| 0 | ||
| 007 | ta | ||
| 008 | 220927b |||||||| |||| 00| 0 eng d | ||
| 024 | _a88709 | ||
| 037 | _cTextual | ||
| 040 |
_aSDCL _cSDCL _beng |
||
| 041 |
_2eng _aeng |
||
| 082 | _aW691y7M18x, K6.1-.3 | ||
| 245 | 0 | _aKarl Marx and frederick Engels.3V. | |
| 260 | _c1976 | ||
| 942 |
_hW691y7M18x, K6.1-.3 _cTEXL _2CC |
||
| 999 |
_c840505 _d840505 |
||